Východiská skúmania interkultúrnej kompetencie pracovníkov cestovného ruchu

Profil pracovníka cestovného ruchu a jeho kompetencie. Hierarchický model štruktúry zložiek kompetencie. Vývoj členenia kompetencií v cestovnom ruchu. Interkultúrna kompetencia pracovníka cestovného ruchu. Efektívna komunikácia a spolupráca s príslušníkmi jednotlivých kultúr. Dimenzie interkultúrnej...

Descrizione completa

Salvato in:
Dettagli Bibliografici
Autore principale: Chrančoková, Daniela
Natura: Capitolo di libro
Lingua:slovacco
Soggetti:
Tags: Aggiungi Tag
Nessun Tag, puoi essere il primo ad aggiungerne!!

MARC

LEADER 00000naa a2200000 4500
001 0145901
005 20231016074219.1
041 0 |a slo 
044 |a SK 
245 1 0 |a Východiská skúmania interkultúrnej kompetencie pracovníkov cestovného ruchu  |c Daniela Chrančoková 
520 |a Profil pracovníka cestovného ruchu a jeho kompetencie. Hierarchický model štruktúry zložiek kompetencie. Vývoj členenia kompetencií v cestovnom ruchu. Interkultúrna kompetencia pracovníka cestovného ruchu. Efektívna komunikácia a spolupráca s príslušníkmi jednotlivých kultúr. Dimenzie interkultúrnej komunikácie. Proces nadobudnutia interkultúrnej kompetencie. Kompetencie globálneho manažéra. 
610 2 0 |a ruch cestovný 
610 2 0 |a pracovníci 
610 2 0 |a manažéri 
610 2 0 |a kompetencie 
610 2 0 |a komunikácia 
610 2 0 |a kultúra 
610 2 0 |a globalizácia 
100 1 |a Chrančoková, Daniela